Every Jackboys 2 Song - Statistics

General Stats
  • This quiz has been taken 8 times
  • The average score is 16 of 20
Answer Stats
Features Answer % Correct
ft. SahBabii BEEP BEEP
100%
ft. Don Toliver CHAMPAIN & VACAY
100%
ft. Sheck Wes ILMB
100%
ft. 21 Savage KICK OUT
100%
SoFaygo MM3
100%
ft. Glorilla SHYNE
100%
Wallie The Sensei & Luxury Tax 110 SOUTH
75%
ft. Don Toliver & Sheck Wes 2000 EXCURSION
75%
ft. So Faygo CONTEST
75%
DA WIZARD
75%
DUMBO
75%
ft. Kodak Black FLORIDA FLOW
75%
Don Toliver NO COMMENTS
75%
ft. NBA YoungBoy OUTSIDE
75%
ft. Tyla & Vybz Kartel PBT
75%
ft. Playboi Carti & Future WHERE WAS YOU
75%
Don Toliver & Future & Wallie The Sensei CANT STOP
50%
JB2 RADIO
50%
Sheck Wes & Yeat TRIP OUT
50%
Don Toliver & Sheck Wes VELOUR
50%
No matching quizzes found
Score Distribution
Percent of People with Each Score
Percentile by Number Answered
Your Score History
You have not taken this quiz